000 00500nam a22001697a 4500
999 _c8340
_d8340
008 201113b ||||| |||| 00| 0 eng d
040 _aBMS College of Architecture
100 _aMunavalli,C Kusum
245 _aAvocation
300 _a34p.
500 _a1BM15AT042
502 _8B,Arch
_NBMS College of Architecture, Visvesvaraya Technological University (VTU)
_aProject report
_d2019
650 _aNA
700 _aMamta Verma
_eGuide
700 _aSanal Suresh Karayil
_eGuide
942 _2ddc
_cTHE